000 00818 a2200157 4500
003 Nust
005 20230208143558.0
040 _cNust
082 _a954.6,IZZ
100 _aSH Izzatullah
_9108743
245 _aKashmir Plebisite /
260 _aLahore
_bIqbal publisher
_c1956
300 _a301 pages
505 _aPakistan Scheme’s Opposition (Page-17), Junagarh (Page-42), Kashmir Struggle (Page-51), Azad Kashmir Government (Page-65), Pakistan’s Intervention (Page-86), Security Council (Page-99), Sir Zafarullah’s Deface (Page-119), Vellodi’s Criticism (Page-134), Security Council Resolution (Page-153), China Resolution (Page-199), Ch. Ghulam Abbas (Page-221), Problem Reviewed (Page-228), An Adjustment (Page-246), Six Nations Resolution (Page-254), British Attitude (Page-293).
942 _2ddc
_cBK
999 _c194010
_d194010